Normal view
MARC view
- S.M.Shahid
Entry Personal Name
001 - CONTROL NUMBER
- control field: 25799
003 - CONTROL NUMBER IDENTIFIER
- control field: NUST
005 - DATE AND TIME OF LATEST TRANSACTION
- control field: 20191118123013.0
008 - FIXED-LENGTH DATA ELEMENTS
- fixed length control field: 191118|| aca||aabn | a|a d
040 ## - CATALOGING SOURCE
- Original cataloging agency: NUST
- Transcribing agency: NUST
100 ## - HEADING--PERSONAL NAME
- Personal name: S.M.Shahid
670 ## - SOURCE DATA FOUND
- Source citation: Work cat.: (NUST): S.M.Shahid, Educational Research, c2002
